000 00651nam0a22002531 4500
001 rc\4043924
005 20250611070320.0
021 _aRU
_b[54-14231]
035 _a(NLR Aleph) 008101422
090 _a9246734
_c9246734
100 _a20130415d1954 |||y0rusy50 ca
101 0 _arus
102 _aRU
105 _aab z |||||
200 1 _aПариж
210 _aМосква
_cГеографгиз
_d1954
215 _a95 с., 8 л. ил.
_cкарт.
_d20
607 _aПариж
_2psbo
700 1 _aИзмайлова
_bР.
801 0 _aRU
_bNLR
_gpsbo
801 1 _aRU
_bELAR
_2rusmarc
852 _aNLR
_jИ80 Г-3/20
942 _cBOOK
980 _aNB